Los porqués de la mente humana

שמור ב:
מידע ביבליוגרפי
מחבר תאגידי: Reader's Digest (Author)
פורמט: ספר
שפה:ספרדית
יצא לאור: Ciudad de México Reader's Digest México 1991
נושאים:
תגים: הוספת תג
אין תגיות, היה/י הראשונ/ה לתייג את הרשומה!

MARC

LEADER 00000nam a2200000 a 4500
001 UCP1528
003 CL-VaPUC
008 990416e19910000MX |||||||||||||||||spa|d
082 0 4 |a 153.1  |b REA  |2 21 
110 2 |a Reader's Digest  |e author  |9 427613 
245 1 4 |a Los porqués de la mente humana 
300 |a 336 p 
942 |c BK 
945 |d 19990416 00:00:00  |a rbrito 
260 |a Ciudad de México  |b Reader's Digest México  |c 1991 
650 0 |a Mente  |9 330838 
650 0 |a Memoria  |9 266549 
650 0 |a Percepción   |9 266750 
650 0 |a Cognición   |9 270347 
650 0 |a Inteligencia  |9 267038 
650 0 |a Cerebro   |9 307262 
650 7 |a EMOCION  |2 CL-VaPUC  |9 379822 
650 0 |a Personalidad   |9 307255 
650 0 |a Depresión   |9 334267 
650 0 |a Alcoholismo  |9 259651 
650 7 |a SUICIDIO  |2 CL-VaPUC  |9 317374 
583 |a last modification  |c 19990416 00:00:00  |k Rodrigo Vera 
999 |c 280198  |d 280196 
952 |0 0  |1 0  |4 0  |6 153_100000000000000_REA_1991  |7 0  |8 X  |9 320410  |a BIBEDU  |b BIBEDU  |d 2019-11-20  |i 3499928  |o 153.1 REA 1991  |p 3499928  |r 2023-01-13  |w 2019-11-20  |y BK_X  |k LIT